| 000 | 00490nam a2200169 4500 | ||
|---|---|---|---|
| 001 | 170 | ||
| 005 | 20181127160703.0 | ||
| 020 | 0 | 0 | _a8187567805 |
| 090 | 0 | 0 | _a519.5 G9751f 2008 |
| 100 | 0 | 0 | _aGun, A. M. |
| 245 | 0 | 0 |
_aFundamentals of statistics / _b _cA.M Gun, M.K. Gupta, B. Dasgupta _h |
| 260 | 0 | 0 |
_aKolkata : _bThe World Press, _c2008 |
| 300 | 0 | 0 | _axv, 619 p. |
| 650 | 0 | 0 |
_aStatistics. _x |
| 700 |
_aDasgupta, B. _b _c _d _e _k _l _m _n _o _p _q _r _s _t |
||
| 700 |
_aGupta, M. K. _b _c _d _e _k _l _m _n _o _p _q _r _s _t |
||
| 999 |
_c152 _d152 |
||